000
00270nam a2200109Ia 4500
008
190216s9999||||xx |||||||||||||| ||und||
100
_a
Muhamed Koya C H
245
0
_a
Njaan Kanda Maleshya
260
_b
Green House
650
_a
Travalogues-Yathra Vivaranam
942
_c
BK
999
_c
24604
_d
24604